| 000 | 00453nac a22001451u 4500 | ||
|---|---|---|---|
| 008 | 081204s2002 ii |||||r|||| 00| 0 eng d | ||
| 020 | _a0750664010 (pbk.) | ||
| 082 |
_a657 _bW1772 _222 |
||
| 100 |
_aWalker, Janet _933331 |
||
| 245 |
_aAccounting in a nutshell _bfinance for the non-specialist/ _cJanet Walker |
||
| 260 |
_aNew Delhi : _bCima, _c2002. |
||
| 300 |
_a125 p. ; _b25 cm. |
||
| 650 |
_aAccounting _933332 |
||
| 942 |
_cBB _k657W1772 _2ddc |
||
| 999 |
_c338 _d338 |
||